South Eastern Kenya University

Library Online Public Access Catalogue


Sleep : (Record no. 4042)

MARC details
000 -LEADER
fixed length control field 00599cam a2200169 a 4500
020 ## - ISBN
International Standard Book Number 9781583332702
020 ## - ISBN
International Standard Book Number 1583332707
050 00 - LIBRARY OF CONGRESS CALL NUMBER
Classification Number RC 547
Item Number .S34 2007
100 1# - MAIN ENTRY--Author
Personal name Schenck, Carlos.
245 10 - TITLE
Title Sleep :
Remainder of title the mysteries, the problems, and the solutions /
Statement of responsibility, etc Carlos H. Schenck.
260 ## - PUBLICATION, DISTRIBUTION, ETC.(IMPRINT)
Place of publication, distribution, etc New York :
Name of publisher, distributor, etc Avery,
Date of publication, distribution, etc c2007.
300 ## - PHYSICAL DESCRIPTION
Extent xix, 294 p. ;
856 41 - URL/ELECTRONIC LOCATION AND ACCESS
Uniform Resource Identifier <a href="http://www.loc.gov/catdir/toc/ecip074/2006037020.html">http://www.loc.gov/catdir/toc/ecip074/2006037020.html</a>
856 42 - URL/ELECTRONIC LOCATION AND ACCESS
Uniform Resource Identifier <a href="http://www.loc.gov/catdir/enhancements/fy0728/2006037020-d.html">http://www.loc.gov/catdir/enhancements/fy0728/2006037020-d.html</a>
856 42 - URL/ELECTRONIC LOCATION AND ACCESS
Uniform Resource Identifier <a href="http://www.loc.gov/catdir/enhancements/fy0728/2006037020-b.html">http://www.loc.gov/catdir/enhancements/fy0728/2006037020-b.html</a>
942 ## - ADDED ENTRY ELEMENTS(KOHA)
Source of classification or shelving scheme Library of Congress Classification
Koha item type General circulation
Holdings
Source of classification or shelving scheme Not for loan Location (home branch) Sublocation (holding branch) Date accessioned Cost, normal purchase price Full call number Barcode Cost, replacement price Nonpublic note Koha item type
Library of Congress Classification   Main Campus Library Main Campus Library 23/06/2015 100.00 RC 547 .S34 2007 2015/000401 600.00 em General circulation
Kitui, Kenya.
+254736116989
library@seku.ac.ke